000
00236nam a2200097Ia 4500
008
240625s9999 xx 000 0 und d
041
_a
eng
100
_a
GAONKAR RAMESH
245
_a
MICROPROCESSOR ARCHITECTURE PROGRAMMING
260
_c
1999
999
_c
33300
_d
33300